000 01089nam a2200277 i 4500
001 132969
003 ES-MaACL
005 20260119115625.0
007 t|
008 070214s1909 fr r ||||1| fre d
080 _a523
080 _a52-36
100 1 _aRoso de Luna, Mario,
_d1872-1931
_999794
245 1 0 _aÉvolution solaire et séries astro-chimiques /
_cpar Mario Roso de Luna ; traduite de l'espagnol par Miguel de Toro y Gisbert.
260 _aParis :
_b[s.n.],
_c1909 (
_eSaint-Amand (Cher) :
_fImp. Bussière)
300 _a137 p., [2] h. pleg. col y n., [8] h. pleg. de lám ;
_c23 cm.
530 _aDisponible en formato digital.
594 _aTít. original: Evolución solar y series astroquímicas.
650 4 _aCosmoquímica.
_9164135
650 4 _aSistema solar.
_9195183
700 1 _aToro y Gisbert, Miguel de.
_9141153
852 _aES-MaACL
_jG-10666
_cSPP3
_g Dedicatoria autógrafa del autor
856 4 _uhttp://bdh-rd.bne.es/viewer.vm?id=0000243263&page=1
_y(Biblioteca Digital Hispánica)
942 _2udc
999 _c132969
_d132969